Lokálny AI asistent na báze veľkých jazykových modelov (LLM)

Guardado en:
Detalles Bibliográficos
Autor principal: Zečiri, Rony (Autor)
Otros Autores: Vachálek, Ján (Orientador)
Formato: Manuscrito Libro
Lenguaje:eslovaco
Publicado: 2025
Materias:
Acceso en línea:http://is.stuba.sk/zp/portal_zp.pl?podrobnosti=185663
Etiquetas: Agregar Etiqueta
Sin Etiquetas, Sea el primero en etiquetar este registro!

MARC

LEADER 00000ntm a22000003a 4500
001 stuzp106032
003 SK-STU
005 20250621210627.4
007 ta
008 150427s2015----xo-----f-mn---000-0-slo-d
040 |a STU  |b slo 
041 0 |a slo 
100 1 |a Zečiri, Rony  |u 020020  |4 aut  |U SjF Strojnícka fakulta  |T SjF Ústav automatizácie, informatizácie a merania  |X 93235  |U J0020  |Y 802  |7 93235 
242 0 1 |a Local AI assistant based on large language models (LLM)  |y eng 
245 1 0 |a Lokálny AI asistent na báze veľkých jazykových modelov (LLM) 
260 |c 2025 
650 4 |a fine-tuning  |2 slo 
650 4 |a neurónové siete  |2 slo 
650 4 |a offline AI  |2 slo 
650 4 |a LLM  |2 slo 
650 4 |a decoder-only  |2 slo 
650 4 |a robotika  |2 slo 
650 4 |a neural networks  |2 eng 
650 4 |a LLM  |2 eng 
650 4 |a decoder-only  |2 eng 
650 4 |a robotics  |2 eng 
650 4 |a offline AI  |2 eng 
650 4 |a fine-tuning  |2 eng 
700 1 |a Vachálek, Ján  |u 020020  |k Z1  |4 ths  |U SjF Strojnícka fakulta  |T SjF Ústav automatizácie, informatizácie a merania  |X 2232  |U J0020  |Y 802  |7 A000002232 
856 4 |u http://is.stuba.sk/zp/portal_zp.pl?podrobnosti=185663